000 00303 a2200109 4500
001 ART_30528
005 20260410162003.0
008 260409a
245 1 0 _aPolítica inmigratoria
100 1 _aFraga, Rosendo
773 0 _tForo político
_g- Vol. XXXVIII (ene./jun. 2004)
_wREV30389
999 _c31500
_d31500